[Event "Challenge"]
[Site "http://www.queenalice.com/game.php?id=287767"]
[Date "2007.10.16"]
[Round "-"]
[White "EL_CHICO"]
[Black "ALMOVE"]
[Result "1-0"]
[WhiteElo "1922"]
[BlackElo "1777"]

1. e4 e5 2. Nf3 d6 3. d4 Nf6 4. dxe5 Nxe4 5. Qd5 Nc5 6. Bg5 Be7 7. Bc4 O-O 8.
Bxe7 Qxe7 9. O-O Nbd7 10. exd6 cxd6 11. Qh5 Nf6 12. Qh4 Nce4 13. Re1 Bf5 14.
Nbd2 Rae8 15. Ng5 h6 16. Ngxe4 Nxe4 17. Qxe7 Rxe7 18. f3 Nxd2 19. Rxe7 Nxc4 20.
b3 Na5 21. b4 Nc6 22. Rxb7 Bxc2 23. b5 Nd4 24. a4 Ra8 25. a5 Bd3 26. Rd1 Ne2+
27. Kf2 Bxb5 28. Rxd6 Nc3 29. Rc7 Na4 30. g4 a6 31. Rd2 Rb8 32. h4 Kh7 33. Rxf7
Bc6 34. Ra7 Bb5 35. Rc2 Rd8 36. Rcc7 Rd2+ 37. Kg3 Ra2 38. Rxg7+ Kh8 39. Rgb7 Bc6
40. Rb8+ Be8 41. Rxe8# 1-0

[Event "Challenge"]
[Site "http://www.queenalice.com/game.php?id=287768"]
[Date "2007.10.16"]
[Round "-"]
[White "ALMOVE"]
[Black "EL_CHICO"]
[Result "0-1"]
[WhiteElo "1788"]
[BlackElo "1911"]

1. e4 d5 2. Bd3 e5 3. Nf3 Nc6 4. Qe2 d4 5. Bb5 Ne7 6. d3 Qd6 7. O-O Bg4 8. Nbd2
a6 9. Nc4 Qf6 10. Bxc6+ Nxc6 11. Qe1 Bxf3 12. gxf3 Qxf3 13. Nd2 Qg4+ 14. Kh1 Be7
15. Rg1 Qh5 16. Rxg7 O-O-O 17. Nc4 Qf3+ 18. Kg1 Rhg8 19. Bh6 Rxg7+ 20. Bxg7 Rg8
21. Kf1 Rxg7 22. Nd2 Qh5 23. c3 Bh4 24. Qe2 Rg1+ 25. Kxg1 Qxe2 26. Nb3 Qxf2+ 27.
Kh1 Qf3+ 28. Kg1 Bf2+ 29. Kf1 Be3+ 30. Ke1 Qf2+ 31. Kd1 Qf1+ 32. Kc2 Qe2+ 33.
Nd2 Qxd2+ 34. Kb3 Qxd3 35. h4 Na5+ 36. Ka3 dxc3 37. bxc3 Qxc3+ 38. Ka4 b5# 0-1

[Event "Revenge"]
[Site "http://www.queenalice.com/game.php?id=289539"]
[Date "2007.10.19"]
[Round "-"]
[White "bongo"]
[Black "ALMOVE"]
[Result "1-0"]
[WhiteElo "1721"]
[BlackElo "1788"]

1. e4 e5 2. Nf3 Nf6 3. Nxe5 Nxe4 4. Qe2 Be7 5. Qxe4 O-O 6. Qf3 Bf6 7. d4 Re8 8.
Be3 d6 9. Ng4 Bxd4 10. Nd2 Qg5 11. Be2 Bxe3 12. Nxe3 Nc6 13. O-O-O Nd4 14. Qh5
Qf6 15. Bd3 g6 16. Ng4 Qf4 17. Qh6 Qxg4 18. f3 Qd7 19. Ne4 Qd8 20. Ng5 Be6 21.
Qxh7+ Kf8 22. Qh8+ Ke7 23. Qxd4 Kd7 24. Bb5+ c6 25. Qxd6+ Kc8 26. Qxd8+ Rxd8 27.
Nxe6 fxe6 28. Rxd8+ Kxd8 29. Bc4 Ke7 30. Re1 Rh8 31. h3 Kf7 32. Rxe6 Rh4 33.
Re4+ Kf6 34. Rxh4 b5 35. Bd3 a5 36. Rh6 Kg5 37. Rxg6+ Kh4 38. Kd2 Kh5 39. Ke2 b4
40. Ke3 c5 41. Kf4 c4 42. Be4 c3 43. g4+ Kh4 44. Rh6# 1-0

[Event "Challenge"]
[Site "http://www.queenalice.com/game.php?id=302874"]
[Date "2007.11.12"]
[Round "-"]
[White "ALMOVE"]
[Black "Saitosan"]
[Result "0-1"]
[WhiteElo "1772"]
[BlackElo "1525"]

1. e4 e6 2. d3 d5 3. Nd2 Nf6 4. Ngf3 b6 5. Be2 Bb7 6. c3 dxe4 7. dxe4 Nxe4 8.
Qa4+ Bc6 9. Bb5 Bxb5 10. Qxb5+ c6 11. Qb3 Nc5 12. Qc4 Qd3 13. Qf4 Nbd7 14. Ng5
f6 15. Nge4 O-O-O 16. Ng3 Ne5 17. Ne2 Qb5 18. c4 Ncd3+ 19. Kf1 Qa5 20. Qe3 Nxc1
21. Nxc1 Qxd2 22. Qxd2 Rxd2 23. Ne2 Bc5 24. b3 Rhd8 25. Ke1 Ng4 26. Nc3 Bxf2+
27. Kf1 Ne3# 0-1

[Event "Challenge"]
[Site "http://www.queenalice.com/game.php?id=306006"]
[Date "2007.11.18"]
[Round "-"]
[White "fabrice8989"]
[Black "ALMOVE"]
[Result "1-0"]
[WhiteElo "1493"]
[BlackElo "1782"]

1. d4 d5 2. Nc3 e6 3. Bf4 Nd7 4. e4 dxe4 5. Nxe4 Ngf6 6. Qd3 c6 7. Nf3 Be7 8.
O-O-O Qa5 9. a3 Qf5 10. Bd6 Nxe4 11. Bxe7 Kxe7 12. Qe3 Re8 13. Bd3 Ndf6 14. h3
Qd5 15. c4 Qf5 16. a4 b5 17. Bxe4 Nxe4 18. Qa3+ Kd8 19. Rhf1 Qf4+ 20. Kb1 bxc4
21. Ka2 Rb8 22. Ne5 Rb6 23. a5 Ra6 24. f3 Ng5 25. Qd6+ Bd7 26. Nxc6+ Rxc6 27.
Qxf4 f6 28. Qb8+ Ke7 29. Qxa7 Kf8 30. h4 Nf7 31. d5 Re7 32. dxc6 Bxc6 33. Qc5
Bd5 34. Ka3 Ke8 35. Rd2 Rb7 36. Rxd5 Rb3+ 37. Ka4 exd5 38. Re1+ Ne5 39. Qc6+ Kf8
40. Qd6+ Kf7 41. Qxd5+ Kg6 42. Qe4+ Kh6 43. Qf4+ Kg6 44. a6 Nd3 45. Qe4+ Kh6 46.
Qxc4 Nxb2+ 47. Kxb3 Nxc4 48. Kxc4 Kh5 49. g3 h6 50. a7 g6 51. a8=Q f5 52. g4+
Kxh4 53. gxf5 gxf5 54. Qf8 Kh5 55. Rg1 f4 56. Qf5+ Kh4 57. Qg4# 1-0

[Event "Challenge"]
[Site "http://www.queenalice.com/game.php?id=306847"]
[Date "2007.11.19"]
[Round "-"]
[White "Mike36bh"]
[Black "ALMOVE"]
[Result "0-1"]
[WhiteElo "1701"]
[BlackElo "1769"]

1. d4 d5 2. Nc3 e6 3. a3 Nf6 4. Bf4 Be7 5. Nf3 Nbd7 6. Nb5 O-O 7. Nxc7 Rb8 8.
Nb5 Qa5+ 9. Nc3 Ra8 10. b4 Qb6 11. e3 a6 12. Na4 Qa7 13. c4 dxc4 14. Bxc4 b5 15.
Bxb5 axb5 16. Nc3 Bxb4 17. Qb3 Ba5 18. O-O Ba6 19. Rfd1 Bxc3 20. Qxc3 Nd5 21.
Qc2 Nxf4 22. exf4 Nf6 23. h3 Bb7 24. Ng5 Bd5 25. f3 Qe7 26. a4 Rxa4 27. Rxa4
bxa4 28. Qxa4 Qb7 29. Re1 Rd8 30. Qa5 Ra8 31. Qc5 h6 32. Ne4 Nxe4 33. fxe4 Bxe4
34. Re2 Qb1+ 35. Kh2 Ra2 36. Rxa2 Qxa2 0-1

[Event "Challenge"]
[Site "http://www.queenalice.com/game.php?id=311691"]
[Date "2007.11.28"]
[Round "-"]
[White "BboyH"]
[Black "ALMOVE"]
[Result "0-1"]
[WhiteElo "1714"]
[BlackElo "1756"]

1. d4 d5 2. Nc3 Nf6 3. Bg5 Bf5 4. Bxf6 exf6 5. f3 Qe7 6. Qd2 Be6 7. e4 dxe4 8.
fxe4 Nc6 9. d5 Rd8 10. Bc4 Ne5 11. Qe2 Bd7 12. a3 f5 13. O-O-O Qg5+ 14. Kb1 Be7
15. h4 Qh6 16. Nb5 O-O 17. h5 Qb6 18. a4 Bf6 19. d6 c6 20. Nd4 fxe4 21. Qxe4
Nxc4 22. Ngf3 Qxb2# 0-1

[Event "Challenge"]
[Site "http://www.queenalice.com/game.php?id=326316"]
[Date "2007.12.26"]
[Round "-"]
[White "ALMOVE"]
[Black "miguelnalexandre"]
[Result "1-0"]
[WhiteElo "1774"]
[BlackElo "1500"]

1. d4 d5 2. Nf3 e6 3. e3 Nf6 4. Bd3 Be7 5. Nbd2 O-O 6. O-O h6 7. c3 b6 8. b3 Bb7
9. Bb2 Ba6 10. c4 c5 11. Re1 Nbd7 12. Qc2 Rc8 13. Ne5 Bb7 14. Nxd7 Qxd7 15. dxc5
Qc6 16. cxb6 axb6 17. Rac1 dxc4 18. Be4 Nxe4 19. Nxc4 Nc3 20. f3 Nxa2 21. Bxg7
Nb4 22. Qc3 Na2 23. Qe5 Rfd8 24. Rcd1 b5 25. Bxh6 bxc4 26. Qg3+ Kh7 27. Qg7# 1-0

[Event "Challenge"]
[Site "http://www.queenalice.com/game.php?id=354007"]
[Date "2008.2.13"]
[Round "-"]
[White "Mike36bh"]
[Black "ALMOVE"]
[Result "0-1"]
[WhiteElo "1752"]
[BlackElo "1779"]

1. d4 d5 2. Nc3 e6 3. a3 Bd6 4. e4 c6 5. e5 Bc7 6. Nf3 Nd7 7. Be2 a6 8. O-O c5
9. b3 cxd4 10. Nxd4 Bxe5 11. Be3 Qc7 12. Qd2 Bxh2+ 13. Kh1 Bd6 14. g3 Ngf6 15.
Kg2 O-O 16. Rh1 Ne5 17. b4 Ng6 18. Rag1 e5 19. Nf5 Bxf5 20. Bg5 Be7 21. Nxd5
Nxd5 22. Bxe7 Ngxe7 23. g4 Be4+ 24. f3 Nf4+ 25. Kg3 Nxe2+ 26. Qxe2 Bxc2 27. g5
Rfd8 28. Kg4 Rd4+ 29. Kh3 Qd7+ 30. Kg3 Qc7 31. Kf2 Qc3 32. Kg3 e4 33. Rc1 Nf5+
34. Kh3 exf3 35. Qf2 Rh4+ 0-1

[Event "Challenge"]
[Site "http://www.queenalice.com/game.php?id=370843"]
[Date "2008.3.14"]
[Round "-"]
[White "Nyvang"]
[Black "ALMOVE"]
[Result "1-0"]
[WhiteElo "1751"]
[BlackElo "1815"]

1. d4 d5 2. Nc3 e6 3. a3 Nc6 4. Bf4 Bd6 5. Qd2 Qf6 6. Bxd6 cxd6 7. e3 Bd7 8. Nb5
Ke7 9. Bd3 e5 10. dxe5 dxe5 11. e4 Be6 12. Nc7 Rd8 13. Nxe6 Qxe6 14. Qg5+ Kf8
15. Nf3 Nf6 16. exd5 Qxd5 17. O-O h6 18. Qf5 Ne7 19. Qxe5 Qxe5 20. Nxe5 g5 21.
Nf3 Kg7 22. Rfe1 Rd7 23. c4 Rxd3 24. Rxe7 Rhd8 25. h3 Rb3 26. Rb1 a5 27. Ne5 Rf8
28. c5 Nd5 29. Rd7 Nc3 30. Rd3 Ne2+ 31. Kf1 Rxd3 32. Nxd3 Nd4 33. b4 axb4 34.
axb4 Ra8 35. Ke1 Ra3 36. Kd2 Nb3+ 37. Kc2 Nd4+ 38. Kd2 Ra2+ 39. Rb2 Ra1 40. Kc3
Ne6 41. Kc4 Rg1 42. f3 f5 43. Ra2 Kf7 44. Ra8 Rxg2 45. Rb8 Rc2+ 46. Kd5 Nd8 47.
Rxd8 Re2 48. Ne5+ Kf6 49. Rd6+ Ke7 50. Rb6 Rd2+ 51. Kc4 Rc2+ 52. Kb5 h5 53.
Rxb7+ Ke6 54. Nc6 g4 55. fxg4 hxg4 56. hxg4 f4 57. Nd4+ 1-0

[Event "Challenge"]
[Site "http://www.queenalice.com/game.php?id=391301"]
[Date "2008.4.21"]
[Round "-"]
[White "ALMOVE"]
[Black "Odie_Spud"]
[Result "0-1"]
[WhiteElo "1796"]
[BlackElo "1869"]

1. e4 e6 2. d3 d5 3. Nc3 Nf6 4. Nf3 Bb4 5. Qe2 d4 6. a3 Be7 7. Nb5 e5 8. Bg5 a6
9. c4 axb5 10. Nxe5 b4 11. a4 Nbd7 12. Nf3 c5 13. b3 O-O 14. g3 Ng4 15. Bf4 g5
16. Bc1 f5 17. Bg2 fxe4 18. Nd2 Nxf2 19. O-O e3 20. Bd5+ Kh8 21. Bb2 Ne5 22. Be4
Bg4 23. Qe1 exd2 0-1

[Event "Challenge"]
[Site "http://www.queenalice.com/game.php?id=402572"]
[Date "2008.5.13"]
[Round "-"]
[White "miguelnalexandre"]
[Black "ALMOVE"]
[Result "0-1"]
[WhiteElo "1456"]
[BlackElo "1796"]

1. Nc3 d5 2. e4 dxe4 3. Nxe4 e6 4. Bc4 Be7 5. d3 Nd7 6. Bb3 Ngf6 7. Qe2 O-O 8.
Nf3 Nxe4 9. dxe4 Re8 10. O-O b6 11. Be3 Bb7 12. Nd2 c5 13. Rad1 Qb8 14. f3 Bd6
15. g3 Nf8 16. Nc4 Ba6 17. Ba4 Rc8 18. b3 Be7 19. Bf4 Qb7 20. Rd3 b5 21. Na5 Qb6
22. b4 bxa4 23. Qd2 Bxd3 24. cxd3 cxb4+ 25. Kh1 Qxa5 26. e5 Rc3 27. d4 Rac8 28.
Kg2 Rc2 29. Rc1 Rxd2+ 30. Bxd2 Rxc1 31. Bxc1 Qd5 32. Be3 Qxa2+ 33. Bf2 b3 34. f4
Qe2 35. h4 b2 0-1

[Event "Challenge"]
[Site "http://www.queenalice.com/game.php?id=409786"]
[Date "2008.5.28"]
[Round "-"]
[White "ORNELAS"]
[Black "ALMOVE"]
[Result "0-1"]
[WhiteElo "1596"]
[BlackElo "1798"]

1. b3 d5 2. e3 e6 3. Bb2 Nd7 4. Nf3 Ngf6 5. g3 Bd6 6. Bg2 O-O 7. c4 c6 8. cxd5
cxd5 9. d4 Re8 10. Nbd2 Nf8 11. O-O b6 12. Qc2 Bb7 13. Qd3 Qc8 14. h3 Ba6 15.
Qc3 Bxf1 16. Qxc8 Raxc8 17. Rxf1 Rc2 18. Bc1 Rec8 19. a3 Rxc1 20. Rxc1 Rxc1+ 21.
Bf1 Bxa3 22. Kg2 Bb4 23. Bb5 Bxd2 24. Nxd2 Ne4 25. Nxe4 dxe4 26. Ba4 a6 27. Be8
Rb1 28. h4 Rxb3 29. Kh3 Rb2 30. f4 exf3 31. Bc6 f2 32. Bg2 Rb1 33. Kg4 a5 34.
Kf3 f1=Q+ 35. Bxf1 Rxf1+ 36. Ke2 Rc1 37. Kf2 a4 38. e4 a3 39. Ke2 a2 40. Kd2
a1=Q 41. Ke3 Rf1 42. d5 Qd1 43. dxe6 Rf3# 0-1

[Event "Challenge"]
[Site "http://www.queenalice.com/game.php?id=418616"]
[Date "2008.6.16"]
[Round "-"]
[White "ALMOVE"]
[Black "Quylthulg"]
[Result "0-1"]
[WhiteElo "1808"]
[BlackElo "2001"]

1. d4 b6 2. e3 Bb7 3. Be2 Bxg2 4. Bf3 Bxh1 5. Bxh1 c6 6. Bd2 d5 7. Nc3 e6 8. Qf3
Qf6 9. Qe2 Bd6 10. h3 Ne7 11. O-O-O Nd7 12. f4 b5 13. Qf3 Ng6 14. Nge2 Nb6 15.
Kb1 b4 16. Ne4 dxe4 17. Qxe4 Nd5 18. Qd3 O-O 19. Rf1 Qh4 20. Bg2 a5 21. Rh1 Ra7
22. Be1 Qe7 23. h4 a4 24. h5 Nh8 25. h6 Ng6 26. hxg7 Rb8 27. Bxd5 cxd5 28. f5
exf5 29. e4 fxe4 30. Qh3 Kxg7 31. Qxh7+ Kf8 32. Rf1 Ke8 33. Bg3 Bxg3 34. Nxg3 b3
35. Qg8+ Qf8 36. Qh7 bxc2+ 37. Kxc2 Rxb2+ 38. Kxb2 Qb4+ 39. Kc2 Rc7+ 40. Kd1
Qb1+ 41. Ke2 Qb2+ 42. Ke3 Rc3# 0-1

[Event "Challenge"]
[Site "http://www.queenalice.com/game.php?id=421245"]
[Date "2008.6.21"]
[Round "-"]
[White "ALMOVE"]
[Black "gilsoncb"]
[Result "0-1"]
[WhiteElo "1808"]
[BlackElo "1830"]

1. d4 Nf6 2. Bf4 d5 3. e3 g6 4. Bd3 Bg7 5. Qf3 Bg4 6. Qg3 c6 7. Be2 h5 8. Bc7
Qc8 9. h3 Bf5 10. Na3 Nbd7 11. O-O-O b5 12. f3 b4 13. Nb1 a5 14. Nd2 a4 15. e4
dxe4 16. fxe4 Bxe4 17. Ngf3 Bd5 18. Bc4 Bh6 19. Kb1 h4 20. Nxh4 Bxd2 21. Rxd2
Bxc4 22. Re1 Kf8 23. Bf4 Nh5 24. Qe3 Nxf4 25. Qxf4 Nf6 26. Nf3 Nd5 27. Qe5 f6
28. Qe4 a3 29. b3 Nc3+ 30. Kc1 Nxe4 31. Rxe4 Bd5 32. Rf4 Bxf3 33. Rxf3 Kg7 34.
Re2 Qd8 35. Rf4 Ra7 36. Rd2 Rd7 0-1